[Event "KAZ-ch U18 Girls"]
[Site "Ak Bulak"]
[Date "2022.03.20"]
[Round "1"]
[White "Imangaliyeva, Fakiya"]
[Black "Sultanbek, Zeinep"]
[Result "0-1"]
[WhiteElo "1152"]
[BlackElo "1897"]
[PlyCount "80"]
[EventDate "2022.03.20"]
[EventType "swiss"]
[EventRounds "8"]
[EventCountry "KAZ"]
[SourceTitle "EXT 2023"]
[Source "ChessBase"]
[SourceDate "2022.10.05"]
[SourceVersion "1"]
[SourceVersionDate "2022.10.05"]
[SourceQuality "1"]

1. e4 e6 2. d4 d5 3. Nc3 dxe4 4. Nxe4 Nd7 5. Nf3 Ngf6 6. Bg5 Be7 7. Ng3 0-0 8. Bd3 b6 9. 0-0 Bb7 10. Re1 c5 11. dxc5 Nxc5 12. Bc4 Rc8 13. b3 h6 14. Bf4 Qxd1 15. Raxd1 Bxf3 16. gxf3 Rfd8 17. Rxd8+ Rxd8 18. a4 Nd5 19. Bxd5 Rxd5 20. Be3 Na6 21. c3 Rd3 22. Ne2 Bc5 23. b4 Bxe3 24. fxe3 Rxe3 25. Kf2 Rd3 26. Ra1 Nc7 27. a5 Nd5 28. axb6 axb6 29. Rc1 Kh7 30. b5 Rd2 31. Ke1 Rb2 32. c4 Nb4 33. Rc3 Kg6 34. Kf2 e5 35. Re3 f5 36. Kg2 Kf6 37. Kh3 g5 38. Nc3 h5 39. Na4 g4+ 40. fxg4 hxg4+ 0-1